| 000 | 00548nam a2200193 a 4500 | ||
|---|---|---|---|
| 003 | 0 | ||
| 005 | 20170302130106.0 | ||
| 008 | 001110s19uu xx 00 eng d | ||
| 020 | _a962-00-1107-4 | ||
| 050 |
_aTR(GS 420.7 _bGo63 bk.4a |
||
| 245 |
_aGogo's adventures with English, bk.4 : _bacitvity book. |
||
| 260 |
_aHong Kong : _bLongman Asia Limited, _c1995. |
||
| 300 | _a55 p.; col. ; ill. | ||
| 440 | _aGogo's Adventures | ||
| 500 | _aw/ VHS tape | ||
| 650 |
_aEnglish language _xStudy and teaching |
||
| 942 |
_2ddc _cBK |
||
| 999 |
_c103606 _d103606 |
||